Obce v okrese Bruntál - Statistics

General Stats
  • This quiz has been taken 12 times
  • The average score is 36 of 67
Answer Stats
Počet obyvatel Rozloha (km²) Obec % Correct
15 415 29,34 Bruntál
100%
2 253 20,4 Horní Benešov
100%
188 1,55 Karlova Studánka
100%
22 848 44,29 Krnov
100%
7 953 60,73 Rýmařov
100%
4 798 68,91 Vrbno pod Pradědem
100%
1 370 26,74 Brantice
83%
3 003 25,81 Břidličná
83%
375 22,22 Dolní Moravice
83%
668 61,56 Malá Morávka
83%
3 417 65,28 Město Albrechtice
83%
1 041 18,25 Osoblaha
83%
502 23,22 Slezské Rudoltice
83%
874 20,97 Třemešná
83%
1 170 19,07 Zátor
83%
1 172 34,71 Jindřichov
67%
1 012 21,63 Karlovice
67%
1 053 27,29 Lichnov
67%
282 21,12 Ludvíkov
67%
114 2,81 Malá Štáhle
67%
598 14,98 Moravskoslezský Kočov
67%
250 9,82 Valšov
67%
326 9,55 Velká Štáhle
67%
397 15,9 Andělská Hora
50%
218 24,35 Bílčice
50%
324 11,93 Čaková
50%
295 12,05 Dívčí Hrad
50%
1 252 24,2 Dvorce
50%
714 40,57 Holčovice
50%
816 31,63 Horní Město
50%
441 15,62 Leskovec nad Moravicí
50%
472 20,27 Liptaň
50%
489 27,22 Lomnice
50%
396 11,41 Mezina
50%
409 19,23 Milotice nad Opavou
50%
446 5,33 Oborná
50%
142 11,07 Petrovice
50%
534 31,88 Razová
50%
582 18,79 Ryžoviště
50%
184 6,63 Slezské Pavlovice
50%
480 44,07 Stará Ves
50%
1 359 43,01 Světlá Hora
50%
238 19,89 Tvrdkov
50%
990 14,77 Úvalno
50%
520 25,78 Václavov u Bruntálu
50%
160 9,12 Býkov-Láryšov
33%
407 28,29 Dětřichov nad Bystřicí
33%
106 2,22 Dlouhá Stráň
33%
367 42,79 Heřmanovice
33%
208 8,74 Hlinka
33%
336 11,4 Horní Životice
33%
617 27,79 Hošťálkovy
33%
276 11,03 Janov
33%
329 35,3 Jiříkov
33%
363 25,8 Krasov
33%
356 11,03 Nové Heřminovy
33%
203 22,2 Roudno
33%
349 21,82 Rudná pod Pradědem
33%
556 37,29 Široká Niva
33%
203 10,21 Staré Heřminovy
33%
905 24,25 Staré Město
33%
565 11,48 Svobodné Heřmanice
33%
389 20,7 Bohušov
17%
237 16,21 Křišťanovice
17%
63 1,72 Nová Pláň
17%
145 14,29 Rusín
17%
314 17,12 Vysoká
0%
No matching quizzes found
Score Distribution
Percent of People with Each Score
Percentile by Number Answered
Your Score History
You have not taken this quiz